Tres jueces para un largo silencio /

Guardado en:
Autor Principal: Lizarraga, Andrés
Formato: Libro
Publicado: Buenos Aires : Ceal, 1982.
Materias:
Etiquetas: Agregar Etiqueta
Sin Etiquetas, Sea el primero en etiquetar este registro!
LEADER 00649nam a22002175a 4500
001 CEM.cems017430
005 20110928092604.0
008 130507s1982##################000#0#####d
003 CEMS
020 |a 9502506197 
082 0 4 |a A862.4 
100 1 |a Lizarraga, Andrés 
245 1 0 |a Tres jueces para un largo silencio /  |c Andrés Lizarraga ; señor Galíndez / 
260 |a Buenos Aires :  |b Ceal,  |c 1982. 
300 |a 90 p. 
505 0 |a El señor Galíndez / Eduardo Pavlovsky 
653 |a Literatura 
653 |a Literatura argentina 
653 |a Teatro 
653 |a Teatro argentino 
859 |a CEMS  |b BIB. CEMS - Agricultura  |h A862.4  |i L768  |p A0569.04  |t Ej.1